000 00352nam a2200145 a 4500
008 010807s1968||||xx 0 und c
020 _c33,00
040 _aSNK
_bslo
_cSNK
_eAACR2
100 1 _aMerežkovskij, D.S.
245 1 0 _aAntikrist
_bPeter a Alexej
260 _aBratislava
_bTatran
_c1968
300 _a498 s.
041 _aslo
044 _axo
_cSK
999 _c12248
_d12248